00516nam a2200169Ia 450000500170000000800410001704000190005804100120007708200160008910000270010524501230013226000300025530000100028565000190029565100220031485000100033620230315094622.0131103s9999 xx 000 0 und d aLoreto College aEnglish a891.44bKAR aKarmokar, Fakirnarayan aBishnupurer amar kahinib sarbobharatiya khatir sammaney bhusita bangali jatir safaler itihas cFakirnarayan Karmokar aCalcuttabDey's Pubc1979 a176p  aBengal History aHistory of Bengal aLCLIB